<?xml version="1.0" encoding="UTF-8"?>
<record
    xmlns:xsi="http://www.w3.org/2001/XMLSchema-instance"
    xsi:schemaLocation="http://www.loc.gov/MARC21/slim http://www.loc.gov/standards/marcxml/schema/MARC21slim.xsd"
    xmlns="http://www.loc.gov/MARC21/slim">

  <leader>02605nam a2200349 i 4500</leader>
  <controlfield tag="001">000020736</controlfield>
  <controlfield tag="003">DO-SdBPM</controlfield>
  <controlfield tag="005">20251217110808.0</controlfield>
  <controlfield tag="007">ta</controlfield>
  <controlfield tag="008">100813s2023    dr      000 0 spa d</controlfield>
  <datafield tag="020" ind1=" " ind2=" ">
    <subfield code="a">9789945635676</subfield>
  </datafield>
  <datafield tag="040" ind1=" " ind2=" ">
    <subfield code="a">DO-SdBPM</subfield>
    <subfield code="b">spa</subfield>
    <subfield code="c">BPMSU </subfield>
    <subfield code="e">rda</subfield>
    <subfield code="d"> </subfield>
  </datafield>
  <datafield tag="082" ind1=" " ind2="4">
    <subfield code="a">006.3</subfield>
    <subfield code="b">M559f 2023</subfield>
    <subfield code="2">22</subfield>
  </datafield>
  <datafield tag="100" ind1="1" ind2=" ">
    <subfield code="a">Merejo, Andr&#xE9;s</subfield>
    <subfield code="e">autor</subfield>
    <subfield code="4">aut. </subfield>
  </datafield>
  <datafield tag="245" ind1="1" ind2="0">
    <subfield code="a">Filosof&#xED;a para tiempos transidos y cibern&#xE9;ticos /</subfield>
    <subfield code="c">Andr&#xE9;s Merejo</subfield>
  </datafield>
  <datafield tag="264" ind1=" " ind2=" ">
    <subfield code="a">Santo Domingo :</subfield>
    <subfield code="b">Editorial Santuario,</subfield>
    <subfield code="c">2023</subfield>
  </datafield>
  <datafield tag="300" ind1=" " ind2=" ">
    <subfield code="a">160 paginas  ;</subfield>
    <subfield code="c">24 cm.</subfield>
  </datafield>
  <datafield tag="336" ind1=" " ind2=" ">
    <subfield code="a">texto</subfield>
    <subfield code="b">txt</subfield>
    <subfield code="2">rdacontent</subfield>
  </datafield>
  <datafield tag="337" ind1=" " ind2=" ">
    <subfield code="a">sin mediaci&#xF3;n</subfield>
    <subfield code="2">rdamedia</subfield>
    <subfield code="b">n</subfield>
  </datafield>
  <datafield tag="338" ind1=" " ind2=" ">
    <subfield code="a">volumen</subfield>
    <subfield code="2">rdacarrier</subfield>
    <subfield code="b">nc</subfield>
  </datafield>
  <datafield tag="500" ind1=" " ind2=" ">
    <subfield code="a">Nota prelimar de V&#xED;ctor G&#xF3;mez Pin</subfield>
  </datafield>
  <datafield tag="500" ind1=" " ind2=" ">
    <subfield code="a">Incluye datos biogr&#xE1;ficos del autor en las solapas</subfield>
  </datafield>
  <datafield tag="504" ind1=" " ind2=" ">
    <subfield code="a">Bibliograf&#xED;a : p&#xE1;ginas . 151-160</subfield>
  </datafield>
  <datafield tag="505" ind1="0" ind2=" ">
    <subfield code="a">Nota preliminar. V&#xED;ctor G&#xF3;mez Pin, 9.-- Lo virtual y la poxesperiencia bajo la lupa del fil&#xF3;sofo, 17.-- Lo virtual, 17.-- Covirtualidad, 19.-- Filosof&#xED;a de lo virtual, 22.-- Mirada de lo virtual, 26.-- Posexperiencia, 32.-- Posexperencia en el ciberespacio, 34.-- Posexperiencia virtual, 37.-- La &#xE9;tica entre lo transido y lo virtual, 41.-- La &#xE9;tica ante el dolor y la nada, una visi&#xF3;n integral, 41.-- Sin una chispa de dolor no hay &#xE9;tica, 46.-- &#x201C;Almas muertas&#x201D;, d&#xED;as que transcurren, 47.-- La polic&#xED;a de la moral contra la &#xE9;tica, 51.-- &#xC9;tica en la investigaci&#xF3;n cient&#xED;fica, 53.-- Ciber&#xE9;tica : vivir en lo virtual, 59.-- Visi&#xF3;n filos&#xF3;fica de la tecnociencia en el cibermundo, 65.-- La tecnociencia desde una perspectiva filos&#xF3;fica, 72.-- Vueltas en el hurac&#xE1;n progreso, 81.-- Visi&#xF3;n filos&#xF3;fica del universo, 89.-- El hereje de nuestro tiempo, 101.-- Pensar la herej&#xED;a desde la sombra, 101.-- El hereje idiota, 105.-- El sujeto cibern&#xE9;tico desde un pensamiento her&#xE9;tico, 107.-- Hereje cibern&#xE9;tico, 113.-- Herej&#xED;a contra la ciberbasura que socava el pensamiento, 117.-- Tiempos transidos y cibern&#xE9;ticos, 121.-- Lecciones aprendidas sobre lo transido, 121.-- Lo transido envuelto en tiempo de lumbre cibern&#xE9;tica, 130.-- Filosof&#xED;a para tiempos transidos y cibern&#xE9;ticos, 135.-- Filosofando a la intemperie, 139.-- Filos&#xF3;fica hoy, ma&#xF1;ana y siempre, 143.-- Reflexi&#xF3;n final, 147.-- Referencias bibliogr&#xE1;ficas, 151.</subfield>
  </datafield>
  <datafield tag="590" ind1=" " ind2=" ">
    <subfield code="a">Inventariado, 2025 /VM</subfield>
  </datafield>
  <datafield tag="650" ind1=" " ind2="7">
    <subfield code="a">Cibern&#xE9;tica.</subfield>
    <subfield code="y"> </subfield>
  </datafield>
  <datafield tag="650" ind1=" " ind2="7">
    <subfield code="a">Filosof&#xED;a de la cibern&#xE9;tica.</subfield>
  </datafield>
  <datafield tag="650" ind1=" " ind2="7">
    <subfield code="a">Inteligencia artificial</subfield>
    <subfield code="x">Aspectos &#xE9;ticos y morales</subfield>
  </datafield>
  <datafield tag="650" ind1=" " ind2="7">
    <subfield code="a">Inteligencia artificial </subfield>
    <subfield code="x">Filosof&#xED;a.</subfield>
  </datafield>
  <datafield tag="910" ind1=" " ind2=" ">
    <subfield code="a">VMateo V. Control de calidad. BPMSU </subfield>
  </datafield>
  <datafield tag="942" ind1=" " ind2=" ">
    <subfield code="2">ddc</subfield>
    <subfield code="c">BK</subfield>
  </datafield>
  <datafield tag="952" ind1=" " ind2=" ">
    <subfield code="0">0</subfield>
    <subfield code="1">0</subfield>
    <subfield code="2">ddc</subfield>
    <subfield code="7">0</subfield>
    <subfield code="8">CD</subfield>
    <subfield code="a">BPMET</subfield>
    <subfield code="b">BPMET</subfield>
    <subfield code="d">2025-12-17</subfield>
    <subfield code="l">0</subfield>
    <subfield code="o">BPMSU CD 006.3 M559f 2023</subfield>
    <subfield code="p">BPMSU25120074</subfield>
    <subfield code="r">2025-12-17</subfield>
    <subfield code="w">2025-12-17</subfield>
    <subfield code="y">BK</subfield>
  </datafield>
  <datafield tag="999" ind1=" " ind2=" ">
    <subfield code="c">15585</subfield>
    <subfield code="d">15585</subfield>
  </datafield>
</record>
